000
00316nam a2200133Ia 4500
008
220216s9999 xx 000 0 und d
100
_a
Ravindran D
245
0
_a
Implications of WTO not fully understood
260
_b
Rubber Asia
_c
2001
300
_a
28-29
650
_a
NR industry
650
_a
WTO
942
_c
JS
999
_c
60805
_d
60805